书目信息 |
| 题名: |
激光束二元光学变换及其应用
|
|
| 作者: | 谭峭峰 , 虞钢 , 李少霞 著 | |
| 分册: | ||
| 出版信息: | 北京 国防工业出版社 2016.11 |
|
| 页数: | 12,236,28页 | |
| 开本: | 24cm | |
| 丛书名: | 现代激光技术及应用丛书 | |
| 单 册: | ||
| 中图分类: | TN249 | |
| 科图分类: | ||
| 主题词: | 激光应用 | |
| 电子资源: | ||
| ISBN: | 978-7-118-11145-3 | |
| 000 | 01351nam 2200301 450 | |
| 001 | 0400004019 | |
| 005 | 20171023111511.0 | |
| 010 | @a978-7-118-11145-3@dCNY78.00 | |
| 100 | @a20170619e2016 em y0chiy50 ea | |
| 101 | 0 | @achi |
| 102 | @aCN@b110000 | |
| 105 | @aa z 000yy | |
| 106 | @ar | |
| 200 | 1 | @a激光束二元光学变换及其应用@9ji guang shu er yuan guang xue bian huan ji qi ying yong@f谭峭峰,虞钢,李少霞著 |
| 210 | @a北京@c国防工业出版社@d2016.11 | |
| 215 | @a12,236,28页@c图@d24cm | |
| 225 | 2 | @a现代激光技术及应用丛书 |
| 312 | @a封面英文题名:Binary optics in laser beam transformation and the applications | |
| 330 | @a本书共分为六章。第1章为绪论,介绍激光束的传输和变换,以及二元光学在激光束变换领域的优势。第2章介绍二元光学相关理论及其优化设计方法。第3章介绍包括等强度和非等强度分布的点阵、条形及圆环光栅及应用。第4章介绍大尺寸非等强度光斑的实现及其应用。第5章介绍双光子加工、超分辨元件的设计方法、超分辨实验等内容。第6章介绍柱矢量光束的生成方法、聚焦特性及应用。 | |
| 461 | 0 | @12001 @a现代激光技术及应用丛书 |
| 510 | 1 | @aBinary optics in laser beam transformation and the applications@zeng |
| 606 | 0 | @a激光应用 |
| 690 | @aTN249@v5 | |
| 701 | 0 | @a谭峭峰@9tan qiao feng@4著 |
| 701 | 0 | @a虞钢@9yu gang@4著 |
| 701 | 0 | @a李少霞@9li shao xia@4著 |
| 801 | 0 | @aCN@b91MARC@c20171023 |
| 905 | @b1027736-40@dTN249@f5@e125 | |
| 激光束二元光学变换及其应用/谭峭峰,虞钢,李少霞著.-北京:国防工业出版社,2016.11 |
| 12,236,28页:图;24cm.-(现代激光技术及应用丛书) |
| ISBN 978-7-118-11145-3:CNY78.00 |
| 本书共分为六章。第1章为绪论,介绍激光束的传输和变换,以及二元光学在激光束变换领域的优势。第2章介绍二元光学相关理论及其优化设计方法。第3章介绍包括等强度和非等强度分布的点阵、条形及圆环光栅及应用。第4章介绍大尺寸非等强度光斑的实现及其应用。第5章介绍双光子加工、超分辨元件的设计方法、超分辨实验等内容。第6章介绍柱矢量光束的生成方法、聚焦特性及应用。 |
| ● |
| 相关链接 |
|
|
|
|
正题名:激光束二元光学变换及其应用
索取号:TN249/125
 
预约/预借
| 序号 | 登录号 | 条形码 | 馆藏地/架位号 | 状态 | 备注 |
| 1 | 1027736 | 210277369 | 第二样本阅览室/ [索取号:TN249/125] | 在馆 | |
| 2 | 1027737 | 210277378 | 密集书库-物理学院/ [索取号:TN249/125] | 在馆 | |
| 3 | 1027738 | 210277387 | 第三借阅区/ [索取号:TN249/125] | 在馆 | |
| 4 | 1027739 | 210277396 | 第三借阅区/ [索取号:TN249/125] | 在馆 | |
| 5 | 1027740 | 210277403 | 第三借阅区/ [索取号:TN249/125] | 在馆 |